[Event "Parla 25 Jubilee op"]
[Site "Parla"]
[Date "2008.09.11"]
[Round "6"]
[White "Lozano Cortijo, Mariano"]
[Black "Baeza Escudero, Javier"]
[Result "1-0"]
[WhiteElo "2156"]
[BlackElo "1971"]
[PlyCount "41"]
[EventDate "2008.09.06"]
[EventType "swiss"]
[EventRounds "9"]
[EventCountry "ESP"]
[SourceTitle "CBM 126 Extra"]
[Source "ChessBase"]
[SourceDate "2008.11.05"]
[SourceVersion "1"]
[SourceVersionDate "2008.11.05"]
[SourceQuality "1"]

1. e4 e5 2. Nf3 Nc6 3. d4 exd4 4. Bc4 Bc5 5. c3 d3 6. Qxd3 Qe7 7. 0-0 Ne5 8. Nxe5 Qxe5 9. Nd2 Nf6 10. Nf3 Qh5 11. Bf4 Bb6 12. e5 Ng4 13. h3 Nh6 14. Ng5 Qg6 15. Qd2 Qc6 16. Bd5 Qb5 17. a4 Qc5 18. Ne4 Qe7 19. Bxh6 gxh6 20. a5 c6 21. Nd6+ 1-0

[Event "Parla 25 Jubilee op"]
[Site "Parla"]
[Date "2008.09.07"]
[Round "2"]
[White "Lozano Cortijo, Mariano"]
[Black "Epishin, Vladimir"]
[Result "0-1"]
[WhiteElo "2156"]
[BlackElo "2574"]
[PlyCount "71"]
[EventDate "2008.09.06"]
[EventType "swiss"]
[EventRounds "9"]
[EventCountry "ESP"]
[SourceTitle "CBM 126 Extra"]
[Source "ChessBase"]
[SourceDate "2008.11.05"]
[SourceVersion "1"]
[SourceVersionDate "2008.11.05"]
[SourceQuality "1"]

1. e4 c5 2. Nf3 e6 3. c3 d5 4. exd5 Qxd5 5. d4 Bd7 6. Be3 cxd4 7. Qxd4 Nf6 8. Ne5 Nc6 9. Nxc6 Bxc6 10. Qxd5 Nxd5 11. Bd4 0-0-0 12. Nd2 e5 13. Be3 Nxe3 14. fxe3 g6 15. 0-0-0 Bh6 16. Re1 f5 17. Nf3 Rhe8 18. h4 Re7 19. Rh2 a5 20. Ng5 Bd5 21. b3 Rc7 22. Kb2 e4 23. c4 Bg7+ 24. Kb1 Bg8 25. g3 Bc3 26. Ree2 b5 27. Rc2 Be5 28. Rhd2 Rxd2 29. Rxd2 bxc4 30. Bxc4 Bxc4 31. bxc4 Bxg3 32. Ne6 Rd7 33. Rc2 Bxh4 34. c5 Bf6 35. a4 Be5 36. c6 0-1

[Event "Parla 25 Jubilee op"]
[Site "Parla"]
[Date "2008.09.06"]
[Round "1"]
[White "Martinez Martinez, Antonio"]
[Black "Lozano Cortijo, Mariano"]
[Result "0-1"]
[WhiteElo "1748"]
[BlackElo "2156"]
[PlyCount "88"]
[EventDate "2008.09.06"]
[EventType "swiss"]
[EventRounds "9"]
[EventCountry "ESP"]
[SourceTitle "CBM 126 Extra"]
[Source "ChessBase"]
[SourceDate "2008.11.05"]
[SourceVersion "1"]
[SourceVersionDate "2008.11.05"]
[SourceQuality "1"]

1. e4 e6 2. Nf3 d5 3. e5 c5 4. b3 Nc6 5. Bb5 Bd7 6. a4 Nge7 7. a5 Nxe5 8. Nc3 Nxf3+ 9. Qxf3 Bxb5 10. Nxb5 Nc6 11. Qg3 Rc8 12. d3 a6 13. Na3 Qxa5+ 14. Bd2 Qc7 15. Bf4 e5 16. Bd2 g6 17. 0-0 Bg7 18. Rae1 0-0 19. f4 Nd4 20. fxe5 Rce8 21. Bf4 Ne6 22. Bc1 Nd4 23. Bf4 Re6 24. c4 Nf5 25. Qf3 d4 26. g4 Ne7 27. Qg3 Nc6 28. Re4 Bxe5 29. h4 Bxf4 30. Rfxf4 Rxe4 31. dxe4 Nb4 32. g5 Nd3 33. Rf3 Qxg3+ 34. Rxg3 Ne5 35. Kf2 f6 36. Ke2 fxg5 37. hxg5 Rf4 38. Rg1 Rxe4+ 39. Kd1 Re3 40. Kc2 Re2+ 41. Kb1 d3 42. Kc1 Ra2 43. Nb1 Nf3 44. Rd1 Rc2# 0-1

[Event "Madrid-ch sf-A"]
[Site "Madrid"]
[Date "2007.01.08"]
[Round "1"]
[White "Lozano Cortijo, Mariano"]
[Black "Martin Consuegra, Barrilero Javier"]
[Result "1-0"]
[WhiteElo "2181"]
[BlackElo "1949"]
[PlyCount "117"]
[EventDate "2007.01.08"]
[EventType "swiss"]
[EventRounds "9"]
[EventCountry "ESP"]
[SourceTitle "EXT 2008"]
[Source "ChessBase"]
[SourceDate "2007.11.25"]
[SourceVersion "1"]
[SourceVersionDate "2007.11.25"]
[SourceQuality "1"]

1. e4 d5 2. exd5 Qxd5 3. Nc3 Qa5 4. d4 c6 5. Nf3 Bf5 6. Bd3 Bxd3 7. Qxd3 Qa6 8. Qxa6 Nxa6 9. Bd2 Nf6 10. 0-0-0 e6 11. Ne5 Rd8 12. Bg5 Be7 13. Bxf6 Bxf6 14. Ne4 Be7 15. h4 0-0 16. Rh3 f6 17. Nc4 b6 18. Re3 Nc7 19. Nc3 Rd7 20. Ne2 Rfd8 21. c3 e5 22. Re1 Nd5 23. Re4 exd4 24. Nxd4 Bc5 25. Nxc6 Bxf2 26. Nxd8 Rxd8 27. Re8+ Rxe8 28. Rxe8+ Kf7 29. Re4 Bc5 30. h5 g6 31. hxg6+ hxg6 32. Kd2 a5 33. b3 g5 34. a3 Kg6 35. b4 axb4 36. axb4 Bg1 37. Re1 Bf2 38. Re4 Nf4 39. g4 f5 40. gxf5+ Kxf5 41. Re5+ Kf6 42. Rb5 g4 43. Ne3 Bxe3+ 44. Kxe3 Ng2+ 45. Kf2 Nf4 46. Kg3 Ne2+ 47. Kxg4 Nxc3 48. Rxb6+ Ke5 49. Rc6 Na4 50. Kf3 Kd5 51. Rc2 Nb6 52. Ke3 Kd6 53. Kd4 Kd7 54. b5 Nc8 55. Kc5 Kc7 56. Rh2 Kb7 57. Rh7+ Kb8 58. b6 Na7 59. Rxa7 1-0